| 000 | 01255nam a2200301 i 4500 | ||
|---|---|---|---|
| 003 | EG-GICUC | ||
| 005 | 20260122155812.0 | ||
| 008 | 260122s2003 ua ||||fr|||| 00| 0 ara d | ||
| 040 |
_a EG-GICUC _bara _c EG-GICUC _d EG-GICUC _erda |
||
| 041 | 0 | _aara | |
| 082 | 0 | 4 |
_221 _a345.8 _bأ ن . و |
| 092 | 0 | 4 | _221 |
| 099 | _aLaw1 07 345.8 أ ن . و 2003 | ||
| 100 | 0 |
_aأنور أحمد رسلان _eمؤلف. |
|
| 245 | 1 | 0 |
_aوسيط القضاء الإداري : _bمبدأ الشروعية دعوي الالغاء - دعوي التعويض - الدعوي التأديبية / _cدكتور أنور أحمد رسلان. |
| 264 | 1 |
_aالقاهرة: _bدار النهضة العربية، _c2003. |
|
| 300 |
_a1000 ؛ صفحة _c24 سم. _bإيضاحيات، صور، مثيليات ؛ |
||
| 336 |
_2rda content _atext |
||
| 337 |
_2rda media _aComputer |
||
| 338 |
_2rda carrier _aOnline Resource |
||
| 546 | _aالنص أغلبه باللغة العربية مع بعض النصوص الفرنسية | ||
| 650 | 1 | 4 |
_aالقانون الإداري _2qrmak |
| 650 | 1 | 4 |
_aالقضاء الإداري ووظائفه _2qrmak |
| 651 | 1 | _2qrmak | |
| 856 | 4 | 0 | _uhttps://fll.law.cu.edu.eg/fulltext/bks/B07-02998.pdf |
| 905 | _a77 | ||
| 942 |
_2ddc _n0 _cBK _e21 |
||
| 999 |
_c58680 _d58680 |
||